| 000 | 00463nam a2200181 a 4500 | ||
|---|---|---|---|
| 001 | 3932 | ||
| 005 | 20140414131926.0 | ||
| 008 | 040603s19uu xx 00 eng d | ||
| 020 | _a1-55723-739-5 | ||
| 050 |
_aER _bP75 1995 |
||
| 245 | _aPocahontas. | ||
| 260 |
_a[s.l.] : _bThe Walt Disney, _c1995. |
||
| 300 | _a24 p. : ill. ; cm. | ||
| 440 | _aDisney's Pocahontas | ||
| 650 |
_aPowhatan Indians _xFiction. |
||
| 650 | _aChildren stories. | ||
| 999 |
_c112022 _d112022 |
||